000 00703nam a2200265Ia 4500
005 20260121170622.0
008 008 260114s9999 xx 000 0 eng d
020 _a9783319733562
037 _aEBOOK
040 _aCRL
040 _beng
040 _cCRL
041 _2eng
041 _aeng
084 _qCRL
100 _aMichael Filimowicz, Veronika Tzankova
_91066109
245 0 _aNew Directions in Third Wave Human-Computer Interaction: Volume 1 - Technologies
260 _bSpringer
260 _bSpringer
260 _c2018
856 _uhttps://link.springer.com/openurl?genre=book&isbn=978-3-319-73356-2
942 _cEBOOK
999 _c1631839
_d1631839